Partidos políticos: la contribución del orden jurídico a la hora de abordar su crisis actual /

Guardat en:
Dades bibliogràfiques
Autor principal: Aguiar Luque, Luis
Altres autors: Rosado, Gema
Format: Text
Matèries:
Etiquetes: Afegir etiqueta
Sense etiquetes, Sigues el primer a etiquetar aquest registre!

MARC

LEADER 00000 a a2200000 04500
001 13223
003
040
100 |a Aguiar Luque, Luis  
245 |a Partidos políticos: la contribución del orden jurídico a la hora de abordar su crisis actual /  |c Luis Aguiar Luque 
650 |a PARTIDOS POLITICOS  
650 |a CRISIS POLITICA  
650 |a ETICA  
650 |a FINANCIACION  
700 |a Rosado, Gema  
773 |g número 2; páginas 113-131  
999 |c 39624  |d 39624